000 00646nam a2200205 i 4500
001 9299
003 ES-MaACL
005 20230906145639.0
007 t|
008 930728s1991 sp |||| | spa d
020 _a84-87019-08-0
080 _a86-14"19"(082.2)
245 0 3 _aEl poeta en su ciudad
_b: una antología para Leganés /
_c[recopilación de] Julia Barella.
260 _aLeganés :
_bAyuntamiento, Delegación de Cultura,
_cD.L. 1991.
300 _a149 p. ;
_c23 cm.
650 4 _aPoesías españolas-
_yS.XX.
_916221
700 1 _aBarella, Julia.
_925616
710 1 _aLeganés.
_bAyuntamiento.
_95491
852 _aES-MaACL
_jL-16647
999 _c9299
_d9299